The story of civilization / (Record no. 13091)
[ view plain ]
| 000 -LEADER | |
|---|---|
| fixed length control field | 01807cmm a2200349 i 4500 |
| 001 - CONTROL NUMBER | |
| control field | 5003109 |
| 003 - CONTROL NUMBER IDENTIFIER | |
| control field | EG-ScBUE |
| 005 - DATE AND TIME OF LATEST TRANSACTION | |
| control field | 20230810093649.0 |
| 007 - PHYSICAL DESCRIPTION FIXED FIELD--GENERAL INFORMATION | |
| fixed length control field | co ||||||||||| |
| 008 - FIXED-LENGTH DATA ELEMENTS--GENERAL INFORMATION | |
| fixed length control field | 970303m19391967nyua001f b1 0 001 0 eng d |
| 020 ## - INTERNATIONAL STANDARD BOOK NUMBER | |
| International Standard Book Number | 1567790542 |
| 040 ## - CATALOGING SOURCE | |
| Original cataloging agency | DLC |
| Language of cataloging | eng |
| Description conventions | rda |
| Transcribing agency | DLC |
| Modifying agency | DLC |
| -- | EG-ScBUE |
| 082 04 - DEWEY DECIMAL CLASSIFICATION NUMBER | |
| Classification number | 909 |
| Edition number | 22 |
| Item number | DUR |
| 100 1# - MAIN ENTRY--PERSONAL NAME | |
| Personal name | Durant, Will, |
| Dates associated with a name | 1885-1981, |
| Relator term | author. |
| 9 (RLIN) | 10190 |
| 245 14 - TITLE STATEMENT | |
| Title | The story of civilization / |
| Statement of responsibility, etc | by Will and Ariel Durant. |
| 264 #1 - PUBLICATION, DISTRIBUTION, ETC. (IMPRINT) | |
| Place of publication, distribution, etc | New York : |
| Name of publisher, distributor, etc | Simon and Schuster, |
| Date of publication, distribution, etc | 1939-1967. |
| 300 ## - PHYSICAL DESCRIPTION | |
| Extent | 8 volumes : |
| Other physical details | illustrations ; |
| Dimensions | 24 cm |
| 336 ## - CONTENT TYPE | |
| Source | rdacontent |
| Content type term | text |
| Content type code | txt |
| 337 ## - MEDIA TYPE | |
| Source | rdamedia |
| Media type term | unmediated |
| Media type code | n |
| 338 ## - CARRIER TYPE | |
| Source | rdacarrier |
| Carrier type term | volume |
| Carrier type code | nc |
| 504 ## - BIBLIOGRAPHY, ETC. NOTE | |
| Bibliography, etc | Includes bibliographical references and index.<br/> |
| 505 0# - FORMATTED CONTENTS NOTE | |
| Formatted contents note | Pt. II(2). The life of Greece -- Pt. III (3). Caesar and Christ -- Pt. IV(4).The Age of faith -- Pt. V(5). The Renaissance Pt. VI(6).The Reformation - - Pt. VII(7). The Age of Reason Begins - - Pt. VII(8). The Age of Louis XIV - - Pt. IX(9). The Age of Voltaire - - Pt. X(10). Rousseau and Revolution |
| 538 ## - SYSTEM DETAILS NOTE | |
| System details note | System requirements for DOS: IBM-compatible PC; 640KB RAM; DOS 3.3 or higher; VGA monitor; hard disk; CD-ROM drive. Sound Blaster card required for audio. |
| 538 ## - SYSTEM DETAILS NOTE | |
| System details note | System requirements for Windows: 386 IBM PC or compatible; 2MB RAM; Windows 3.1 or higher; VGA monitor; CD-ROM drive. Sound Blaster-compatible audio card, 16-bit video card, and MPC-rated CD-ROM drive (150KB per second or faster) required to play video. |
| 650 #7 - SUBJECT ADDED ENTRY--TOPICAL TERM | |
| Topical term or geographic name as entry element | Civilization |
| General subdivision | History. |
| Source of heading or term | BUEsh |
| 9 (RLIN) | 10191 |
| 650 #7 - SUBJECT ADDED ENTRY--TOPICAL TERM | |
| 9 (RLIN) | 10193 |
| Topical term or geographic name as entry element | World history |
| General subdivision | History. |
| Source of heading or term | BUEsh |
| 655 ## - INDEX TERM--GENRE/FORM | |
| Form subdivision | Reading book |
| 700 1# - ADDED ENTRY--PERSONAL NAME | |
| Personal name | Durant, Ariel, |
| Relator term | author. |
| 9 (RLIN) | 10192 |
| 942 ## - ADDED ENTRY ELEMENTS (KOHA) | |
| Source of classification or shelving scheme | Dewey Decimal Classification |
| Koha item type | Reference (NB) |
| Withdrawn status | Lost status | Source of classification or shelving scheme | Damaged status | Not for loan | Collection code | Home library | Current library | Shelving location | Date acquired | Source of acquisition | Total Checkouts | Full call number | Barcode | Date last seen | Price effective from | Koha item type | Public note |
|---|---|---|---|---|---|---|---|---|---|---|---|---|---|---|---|---|---|
| Dewey Decimal Classification | Donation-Gift | Central Library | Central Library | Ground Floor | 04/01/2010 | Donation | 909 DUR | 000019382 | 15/07/2025 | 04/01/2010 | Reference (NB) | Pt.X (10) | |||||
| Dewey Decimal Classification | Donation-Gift | Central Library | Central Library | Ground Floor | 20/01/2010 | Donation | 909 DUR | 000019505 | 15/07/2025 | 20/01/2010 | Reference (NB) | Pt.VI (6) | |||||
| Dewey Decimal Classification | Donation-Gift | Central Library | Central Library | Ground Floor | 20/01/2010 | Donation | 909 DUR | 000019460 | 15/07/2025 | 20/01/2010 | Reference (NB) | Pt. III (3) | |||||
| Dewey Decimal Classification | Donation-Gift | Central Library | Central Library | Ground Floor | 21/01/2010 | Donation | 909 DUR | 000019629 | 15/07/2025 | 21/01/2010 | Reference (NB) | Pt.IV (4) | |||||
| Dewey Decimal Classification | Donation-Gift | Central Library | Central Library | Ground Floor | 01/02/2010 | Donation | 909 DUR | 000019476 | 15/07/2025 | 01/02/2010 | Reference (NB) | Pt.V (5) | |||||
| Dewey Decimal Classification | Donation-Gift | Central Library | Central Library | Ground Floor | 08/02/2010 | Donation | 909 DUR | 000019688 | 15/07/2025 | 08/02/2010 | Reference (NB) | Pt.VII (7) | |||||
| Dewey Decimal Classification | Donation-Gift | Central Library | Central Library | Ground Floor | 09/02/2010 | Donation | 909 DUR | 000019638 | 15/07/2025 | 09/02/2010 | Reference (NB) | Pt.IX (9) | |||||
| Dewey Decimal Classification | Donation-Gift | Central Library | Central Library | Ground Floor | 18/02/2010 | Donation | 909 DUR | 000018912 | 15/07/2025 | 18/02/2010 | Reference (NB) | Pt.VIII (8) | |||||
| Dewey Decimal Classification | Donation-Gift | Central Library | Central Library | Ground Floor | 12/08/2010 | Donation | 909 DUR | 000019005 | 15/07/2025 | 12/08/2010 | Reference (NB) | Pt.III (2) |